Normal view
MARC view
Entry Personal Name
001 - CONTROL NUMBER
- control field: 161871
003 - CONTROL NUMBER IDENTIFIER
- control field: OSt
005 - DATE AND TIME OF LATEST TRANSACTION
- control field: 20220923212014.0
008 - FIXED-LENGTH DATA ELEMENTS
- fixed length control field: 220923|| aca||aabn | a|a d
040 ## - CATALOGING SOURCE
- Original cataloging agency: OSt
- Transcribing agency: OSt
100 ## - HEADING--PERSONAL NAME
- Personal name: तेजोमूर्ति, ए
670 ## - SOURCE DATA FOUND
- Source citation: Work cat.: (OSt)305433: तेजोमूर्ति, ए, प्रलेखीय ग्रन्थ वर्णन, 1981
